| 000 | 00870nac a22002531i 4500 | ||
|---|---|---|---|
| 003 | EG-ScBUE | ||
| 005 | 20241022144805.0 | ||
| 008 | 241022s2014 maua f b 001 0 eng d | ||
| 020 | _a0817643435 (pbk. : acid-free paper) | ||
| 040 |
_aEG-ScBUE _beng _erda _cEG-ScBUE _dEG-ScBUE |
||
| 082 | 0 | 4 |
_a515.782 _bKAN _222 |
| 100 | 1 |
_aKanwal, Ram P., _eauthor. |
|
| 245 | 1 | 0 |
_aGeneralized functions : _btheory and applications / _cRam P. Kanwal. |
| 250 | _aThird edition | ||
| 264 | 1 |
_aBoston : _bBirkhäuser, _c2004. |
|
| 300 |
_aix, 476 pages : _billustrations ; _c26 cm |
||
| 336 |
_2rdacontent _atext _btxt |
||
| 337 |
_aunmediated _2rdamedia _bn |
||
| 338 |
_avolume _bnc _2rdacarrier |
||
| 504 | _aIncludes bibliographical references and index. | ||
| 650 | 7 |
_aTheory of distributions (Functional analysis) _2BUEsh |
|
| 655 | _vReading book | ||
| 942 |
_cBB _2ddc |
||
| 999 |
_c1266 _d1266 |
||